[Event "Niedersachsen-ch U14"]
[Site "Rotenburg"]
[Date "2013.03.24"]
[Round "3"]
[White "Wallat, Jessica"]
[Black "Weiss, Andreas1111"]
[Result "0-1"]
[WhiteElo "1568"]
[BlackElo "1384"]
[PlyCount "130"]
[EventDate "2013.03.23"]
[EventType "swiss"]
[EventRounds "9"]
[EventCountry "GER"]
[SourceTitle "EXT 2015"]
[Source "ChessBase"]
[SourceDate "2014.11.20"]
[SourceVersion "1"]
[SourceVersionDate "2014.11.20"]
[SourceQuality "1"]

1. e4 e5 2. Nf3 Nc6 3. Bc4 Bc5 4. c3 Nf6 5. d4 exd4 6. e5 Ng4 7. cxd4 Bb4+ 8. Bd2 Bxd2+ 9. Nbxd2 d6 10. h3 Nh6 11. 0-0 dxe5 12. dxe5 0-0 13. Qc2 Bf5 14. Qc3 Re8 15. Rfe1 Be6 16. Bd3 Nf5 17. a3 Qd7 18. Qc2 h6 19. Rad1 Re7 20. Ne4 Ncd4 21. Nxd4 Nxd4 22. Qc3 Rd8 23. Nc5 Qc6 24. Be4 Ne2+ 25. Rxe2 Rxd1+ 26. Kh2 Qb6 27. Nxb7 Bd5 28. Nc5 Bxe4 29. Rxe4 Rd5 30. Nd3 Red7 31. Re3 Qd4 32. Qb3 Qb6 33. Qc3 c6 34. Nb4 Rc5 35. Qe1 a5 36. Nd3 Rcd5 37. Qe2 Qb5 38. Nf4 Qxe2 39. Rxe2 Rd2 40. b3 Rxe2 41. Nxe2 Rd2 42. Nc3 Rxf2 43. b4 axb4 44. axb4 Rf5 45. b5 cxb5 46. Nxb5 Rxe5 47. Nd4 f5 48. Kg3 Kf7 49. Nf3 Ra5 50. Kh2 g5 51. Nd4 Kf6 52. Kg3 Ra3+ 53. Kh2 h5 54. Nf3 g4 55. hxg4 hxg4 56. Nd4 f4 57. Kg1 Ke5 58. Ne2 g3 59. Kh1 Ke4 60. Ng1 Ke3 61. Nh3 Ra7 62. Ng1 Rh7+ 63. Nh3 Rxh3+ 64. gxh3 Kf2 65. h4 g2+ 0-1

[Event "Niedersachsen-ch U14"]
[Site "Rotenburg"]
[Date "2013.03.23"]
[Round "1"]
[White "Boehning, Kilian"]
[Black "Wallat, Jessica"]
[Result "1-0"]
[WhiteElo "1905"]
[BlackElo "1568"]
[PlyCount "89"]
[EventDate "2013.03.23"]
[EventType "swiss"]
[EventRounds "9"]
[EventCountry "GER"]
[SourceTitle "EXT 2015"]
[Source "ChessBase"]
[SourceDate "2014.11.20"]
[SourceVersion "1"]
[SourceVersionDate "2014.11.20"]
[SourceQuality "1"]

1. e4 e5 2. f4 d6 3. Nf3 Nc6 4. Bc4 h6 5. 0-0 Nf6 6. Nc3 Be7 7. d3 Bg4 8. h3 Bh5 9. g4 Bg6 10. f5 Bh7 11. a3 g5 12. fxg6 Bxg6 13. Nh4 Qd7 14. Nf5 Bxf5 15. gxf5 a6 16. Nd5 b5 17. Ba2 a5 18. c3 Na7 19. b4 a4 20. Qf3 Rb8 21. Be3 c6 22. Nxf6+ Bxf6 23. d4 exd4 24. Bxd4 Rg8+ 25. Kh1 Bxd4 26. cxd4 Qe7 27. f6 Qd7 28. Rg1 Rg5 29. Rxg5 hxg5 30. Rg1 Kd8 31. Rxg5 Kc7 32. Bxf7 Rh8 33. Bh5 Qe6 34. d5 cxd5 35. Rg7+ Kb8 36. Re7 Qc8 37. exd5 Qc1+ 38. Kg2 Rg8+ 39. Bg4 Qc2+ 40. Qf2 Qxf2+ 41. Kxf2 Nc8 42. Bxc8 Rxc8 43. f7 Rf8 44. Re8+ Rxe8 45. fxe8Q+ 1-0

[Event "GER-chT Lands U20"]
[Site "Hannover"]
[Date "2012.10.03"]
[Round "7.8"]
[White "Wallat, Jessica"]
[Black "Sadewasser, Lucie"]
[Result "0-1"]
[WhiteElo "1357"]
[BlackElo "1341"]
[PlyCount "120"]
[EventDate "2012.09.29"]
[EventType "team-swiss"]
[EventRounds "7"]
[EventCountry "GER"]
[SourceTitle "CBM 150 Extra"]
[Source "ChessBase"]
[SourceDate "2012.10.19"]
[SourceVersion "1"]
[SourceVersionDate "2012.10.19"]
[SourceQuality "1"]
[WhiteTeam "Niedersachsen II"]
[BlackTeam "Mecklenburg Vorpommern"]
[WhiteTeamCountry "GER"]
[BlackTeamCountry "GER"]

1. e4 e5 2. Nf3 Nc6 3. Bc4 Bc5 4. c3 Nf6 5. d4 exd4 6. e5 d5 7. Bb5 Ne4 8. cxd4 Bb6 9. Nc3 Ba5 10. Qa4 Bxc3+ 11. bxc3 Bd7 12. Qc2 a6 13. Bd3 f5 14. Bxe4 fxe4 15. Bg5 Qc8 16. Nd2 h6 17. Bh4 g5 18. Bg3 Bf5 19. Qb3 Ne7 20. c4 c6 21. Rc1 Qd7 22. cxd5 cxd5 23. Qb6 Nc6 24. Nb3 Ra7 25. Na5 h5 26. h3 Rh6 27. Nxc6 Rxc6 28. Rxc6 Qxc6 29. Qxc6+ bxc6 30. Ke2 Rb7 31. Rc1 Rb2+ 32. Kf1 Kd7 33. a3 Rd2 34. Rc5 Rxd4 35. Ra5 h4 36. Bh2 Rd2 37. Rxa6 e3 38. Ra7+ Ke6 39. fxe3 Bxh3 40. gxh3 Rxh2 41. Rg7 Rxh3 42. Rxg5 Rxe3 43. Rg6+ Kxe5 44. Rxc6 Rxa3 45. Rh6 Ra1+ 46. Kg2 Ra4 47. Kh3 Rf4 48. Rh8 Kd4 49. Rd8 Ke4 50. Re8+ Kd3 51. Rd8 d4 52. Rd7 Ke3 53. Kg2 Kd2 54. Rd8 d3 55. Ra8 Ke2 56. Re8+ Kd1 57. Ra8 d2 58. Re8 Kc2 59. Rc8+ Kd3 60. Rd8+ Rd4 0-1

[Event "GER-chT Lands U20"]
[Site "Hannover"]
[Date "2012.10.02"]
[Round "6.8"]
[White "Cejda, Cecilia"]
[Black "Wallat, Jessica"]
[Result "0-1"]
[WhiteElo "1495"]
[BlackElo "1357"]
[PlyCount "84"]
[EventDate "2012.09.29"]
[EventType "team-swiss"]
[EventRounds "7"]
[EventCountry "GER"]
[SourceTitle "CBM 150 Extra"]
[Source "ChessBase"]
[SourceDate "2012.10.19"]
[SourceVersion "1"]
[SourceVersionDate "2012.10.19"]
[SourceQuality "1"]
[WhiteTeam "Sachsen Anhalt"]
[BlackTeam "Niedersachsen II"]
[WhiteTeamCountry "GER"]
[BlackTeamCountry "GER"]

1. e4 e5 2. Nf3 Nc6 3. Bc4 Bc5 4. b4 Bxb4 5. c3 Ba5 6. d4 exd4 7. 0-0 Nge7 8. Bg5 0-0 9. cxd4 d6 10. Qa4 Bb6 11. Nc3 Bd7 12. Nd5 Kh8 13. Qd1 f6 14. Bh4 Bg4 15. Nxb6 axb6 16. h3 Bxf3 17. Qxf3 Nxd4 18. Qd3 Nec6 19. Rad1 Qe8 20. Bb5 Nxb5 21. Qxb5 Qxe4 22. Bg3 Qb4 23. Qd5 Ra3 24. Bh2 Qa5 25. Qc4 Rxa2 26. Rfe1 Qh5 27. Rd5 Qg6 28. Qg4 Qc2 29. Qf4 Rfa8 30. Rdd1 Qg6 31. Qe3 R2a3 32. Qe6 f5 33. Qd7 h6 34. Kh1 Ra2 35. Bg3 f4 36. Bxf4 Rxf2 37. g3 Qc2 38. g4 Rxf4 39. Rc1 Qd3 40. g5 Rh4 41. Kg2 Ra2+ 42. Kg1 Qg3+ 0-1

[Event "GER-chT Lands U20"]
[Site "Hannover"]
[Date "2012.10.01"]
[Round "5.8"]
[White "Wallat, Jessica"]
[Black "Allin, Katharina"]
[Result "1-0"]
[WhiteElo "1357"]
[BlackElo "1135"]
[PlyCount "69"]
[EventDate "2012.09.29"]
[EventType "team-swiss"]
[EventRounds "7"]
[EventCountry "GER"]
[SourceTitle "CBM 150 Extra"]
[Source "ChessBase"]
[SourceDate "2012.10.19"]
[SourceVersion "1"]
[SourceVersionDate "2012.10.19"]
[SourceQuality "1"]
[WhiteTeam "Niedersachsen II"]
[BlackTeam "Thueringen"]
[WhiteTeamCountry "GER"]
[BlackTeamCountry "GER"]

1. e4 e5 2. Nf3 Nc6 3. Bc4 Bc5 4. c3 Nf6 5. d4 exd4 6. e5 d5 7. Bb5 Ne4 8. cxd4 Bb6 9. Bxc6+ bxc6 10. Nbd2 Nxd2 11. Bxd2 0-0 12. h3 Ba6 13. a4 Re8 14. a5 Bxd4 15. Nxd4 Rxe5+ 16. Be3 Qd6 17. Qc2 c5 18. Nf3 Re6 19. Ng5 Rg6 20. Qf5 Qf6 21. Qxf6 gxf6 22. Nf3 Re8 23. Kd1 d4 24. Bf4 Rxg2 25. Kc1 Re2 26. Bg3 d3 27. Nh4 Rgxf2 28. Bxf2 Rxf2 29. Rg1+ Kf8 30. Rd1 Rh2 31. Ra4 Rxh3 32. Rf4 Rh2 33. Rxf6 Bc4 34. Nf3 Bb3 35. Nxh2 1-0